K-pop: IZ*ONE Members - Images - Statistics

General Stats
  • This quiz has been taken 22 times
  • The average score is 10 of 12
Answer Stats
Picture Answer % Correct
Sakura
94%
Wonyoung
94%
Yujin
94%
Nako
88%
Yena
88%
Yuri
88%
Chaewon
81%
Eunbi
81%
Minju
81%
Hyewon
75%
Hitomi
69%
Chaeyeon
63%
No matching quizzes found
Score Distribution
Percent of People with Each Score
Percentile by Number Answered
Your Score History
You have not taken this quiz